000 00260nam a22001217a 4500
008 180924b xxu||||| |||| 00| 0 eng d
041 _aeng
080 _a615
100 _a5
101 _aFAR
245 _aModern Contraception
_cGrimes, D.A
942 _2udc
_cBK
999 _c48407
_d48407